| 000 | 01746cam a22005294i 4500 | ||
|---|---|---|---|
| 003 | PE-LiUPU | ||
| 005 | 20250731170437.0 | ||
| 008 | 150625s1984 sp r 000 0 spa d | ||
| 035 | _a(Sirsi) a32687 | ||
| 040 |
_aPE-LiUPU _bspa _cPE-LiUPU _erda |
||
| 082 | 0 | 4 |
_a109 _bG826h _221 |
| 100 | 1 |
_aGrenet, Paul Bernard, _eautor. |
|
| 245 | 1 | 0 |
_aHistoria de la Filosofía Antigua / _cPaul Bernard Grenet. |
| 264 | 1 |
_aBarcelona : _bHerder, _c1984. |
|
| 300 |
_a446 páginas ; _c22 centímetros |
||
| 336 |
_atext _2rdacontent |
||
| 337 |
_aunmediated _2rdamedia |
||
| 338 |
_avolume _2rdacarrier |
||
| 505 | 0 | _aEl siglo sexto. -El siglo quinto. -La juventud de Platón. -La madurez de Platón. -La vejez de Platón. -La juventud de Aristóteles. -Los viajes de Aristóteles. -El regreso de Aristóteles a Atenas. -Las filosofías postaristotélicas. -El renacimiento de las filosofías clásicas. | |
| 526 | _aSEG68 | ||
| 526 | _aSEG70 | ||
| 526 | _aSEG69 | ||
| 526 | _aSEG67 | ||
| 526 | _aSEG43 | ||
| 526 | _aP144 | ||
| 526 | _aP143 | ||
| 526 | _aP131 | ||
| 526 | _aP122 | ||
| 526 | _aP120 | ||
| 526 | _aP117 | ||
| 526 | _aP112 | ||
| 526 | _aP110 | ||
| 526 | _aP106 | ||
| 526 | _aP101 | ||
| 526 | _aP80 | ||
| 526 | _aP59 | ||
| 526 | _aP54 | ||
| 526 | _aP35 | ||
| 526 | _aP33 | ||
| 526 | _aP30 | ||
| 942 |
_2ddc _cBK |
||
| 949 |
_a109 _wDEWEY _c1 _i31258 _lCCODEBUL1 _mBUL _p00.00 _r0 _sY _tBOOK _u2015-06-25 _xBIBLIOTECA _zUNKNOWN _0COMPRA _o.STAFF. Colección General |
||
| 949 |
_a109 G81 _wDEWEY _c2 _i23556 _lCCODEBUL1 _mBUL _p00.00 _r0 _sY _tBOOK _u2015-06-25 _xBIBLIOTECA _zUNKNOWN _0COMPRA _o.STAFF. Colección General |
||
| 999 |
_c40366 _d40366 |
||
| 980 |
_81 _gALBERTO SANCHEZ Responsable de Automatización |
||